| 000 | 00820nam a22001937a 4500 | ||
|---|---|---|---|
| 999 |
_c61031 _d61031 |
||
| 005 | 20231208164928.0 | ||
| 008 | 231208s1987 ru ||||| |||| 00| 0 rus d | ||
| 041 | _arus | ||
| 080 | _a598.2(479.22) (083.71) Б-45 | ||
| 100 |
_aБеме, Р.Л. _920639 |
||
| 245 |
_aПтицы Грузии : _bПолевой определитель / _cБеме, Р.Л.; Жордания, Р.Г.; Кузнецов, А.А. |
||
| 264 |
_aТбилиси: _bСабчота сакартвело, _c1987. |
||
| 300 |
_a124 с.: _bилл.; _c22 см. |
||
| 653 | _aსაქართველოს ჩიტები | ||
| 653 | _aსაველე გზამკვლევი | ||
| 700 |
_aЖордания, Р. Г.; _eავტორი _920640 |
||
| 700 |
_aКузнецов, А. А. _eავტორი _920641 |
||
| 942 |
_2udc _cBK |
||